| 000 | 01554nam a2200409Ia 4500 | ||
|---|---|---|---|
| 001 | ebr10660383 | ||
| 003 | CaPaEBR | ||
| 006 | m u | ||
| 007 | cr cn||||||||| | ||
| 008 | 080314s2009 nyua sb 001 0 eng d | ||
| 010 | _z 2008012150 | ||
| 020 | _z1604565837 | ||
| 020 | _z9781604565836 | ||
| 020 | _z9781606924686 | ||
| 020 | _z9781607412748 | ||
| 020 | _z9781607412786 | ||
| 040 |
_aCaPaEBR _cCaPaEBR |
||
| 035 | _a(OCoLC)429915151 | ||
| 050 | 1 | 4 |
_aHN700.55.A8 _bT45 2009eb |
| 082 | 0 | 4 |
_a306.09593 _223 |
| 245 | 0 | 0 |
_aThailand _h[electronic resource] : _beconomic, political and social issues / _cRandle C. Zebioli, editor. |
| 260 |
_aNew York : _bNova Science Publishers, _cc2009. |
||
| 300 |
_ax, 220 p. : _bill. |
||
| 504 | _aIncludes bibliographical references and index. | ||
| 533 |
_aElectronic reproduction. _bPalo Alto, Calif. : _cebrary, _d2013. _nAvailable via World Wide Web. _nAccess may be limited to ebrary affiliated libraries. |
||
| 650 | 0 |
_aPublic health _zThailand. |
|
| 650 | 0 |
_aEducation _zThailand. |
|
| 651 | 0 |
_aThailand _xSocial conditions _y1986- |
|
| 651 | 0 |
_aThailand _xEconomic conditions _y1945-1986. |
|
| 651 | 0 |
_aThailand _xEconomic conditions _y1986- |
|
| 651 | 0 |
_aThailand _xForeign relations _y1988- |
|
| 651 | 0 |
_aThailand _xPolitics and government _y1988- |
|
| 655 | 7 |
_aElectronic books. _2local |
|
| 700 | 1 | _aZebioli, Randle C. | |
| 710 | 2 | _aebrary, Inc. | |
| 856 | 4 | 0 |
_uhttp://site.ebrary.com/lib/rucke/Doc?id=10660383 _zAn electronic book accessible through the World Wide Web; click to view |
| 999 |
_c67689 _d67689 |
||